01470nam a2200361 i 450000100060000000300090000600500170001500800390003201500170007102000150008803500210010304000280012404100130015208000150016508000160018010000320019624501970022826001640042530000340058933600270062333700540065033800280070438000160073238000270074838500390077538800140081465800340082865500500086265000130091270000340092570000510095985600980101025103KOSZ 00520200618115038.0970510s1993 pl a f |000 0 pol aPB 1994/3431 a8390056720 a(OCoLC)749434732 aWA NcWA NdKOSZ 005/HR1 apolheng a330.342.14 a(075.8+076)1 aCopeland, Douglas W.eAutor10aPrzewodnik studiowania :bćwiczenia : Kamerschen, McKenzie, Nardinelli - Ekonomia /cDouglas W. Copeland ; [tł. z ang. zespół pod kier. Piotra Kuropatwińskiego, K. Gawlikowska et al.]. aGdańsk ; Boston [etc.] :bFundacja Gospodarcza NSZZ [Niezależnego Samorządnego Związku Zawodowego] "Solidarność" : Houghton Mifflin Company,c1993. aXIV, 679s. :bwykr. ;c29 cm. 2rdacontentaTekstbtxt 2rdamediaaBez urządzenia pośredniczącegobn 2rdacarrieraWoluminbnc aKsiążki aPublikacje dydaktyczne mPoziom nauczaniaaSzkoły wyższe a1901-2000 aGospodarka, ekonomia, finanse 4aĆwiczenia i zadania dla szkół wyższych 4aEkonomia1 aGawlikowska, K.eTłumaczenie1 aKuropatwiński, Piotrd(1950- )eTłumaczenie uhttp://koha.tu.koszalin.pl/cgi-bin/koha/opac-detail.pl?biblionumber=25103yKatalog online BPK